| 000 | 01164 a2200349 4500 | ||
|---|---|---|---|
| 001 | 59075 | ||
| 003 | TR-AnTOB | ||
| 005 | 20240719144414.0 | ||
| 008 | 070219s2004 gea 00000 ger | ||
| 020 | _a3525367333 | ||
| 035 | _a59075 | ||
| 040 |
_aTR-AnTOB _cTR-AnTOB |
||
| 041 | _ager | ||
| 050 |
_aDD221.5 _b.D37 2004 |
||
| 090 | _aDD221.5 .D37 2004 | ||
| 245 | 0 |
_aDas Kaiserreich transnational : _bDeutschland in der Welt, 1871-1914 / _cherausgegebenvon Sebastian Conrad und Jürgen Osterhammel. |
|
| 264 | 1 |
_aGöttingen : _bVandenhoeck & Ruprecht, _c2004. |
|
| 300 |
_a327 p ; _c21 cm. |
||
| 504 | _aIncludes bibliographical references. | ||
| 651 | 0 |
_aGermany _xForeign relations _y1871-1918 _931655 |
|
| 651 | 0 |
_aGermany _xPolitics and government _y1871-1918 _931656 |
|
| 651 | 0 |
_aGermany _xColonies _931657 |
|
| 651 | 7 |
_aAlmanya _xDış ilişkiler _y1871-1918 _2etuturkob _931658 |
|
| 651 | 7 |
_aAlmanya _xSiyaset ve yönetim _y1871-1918 _2etuturkob _931659 |
|
| 651 | 7 |
_aAlmanya _xSömürgeler _2etuturkob _931660 |
|
| 700 |
_aOsterhammel, Jurgen _923964 |
||
| 700 |
_aConrad, Sebastian _924863 |
||
| 901 | _a0018568 | ||
| 902 | _abs | ||
| 942 |
_cBK _2lcc |
||
| 999 |
_c59075 _d2750 |
||